00657nam a2200193Ia 4500008004100000082001600041100002300057245005000080250000800130260002800138300000800166500002400174650001500198700001800213942000700231952010400238952010400342999001700446230524s9999 xx 000 0 und d a658.45bTRI aDwijendra Tripathi 4aThe Concise Oxford History of Indian Business a4TH aNEW DELHIbOxfordc2010 a265 aQuantity Number: 2 aManagement a Jyoti Jumani cBK 00104070aTATCLbTATCLcGENd2023-05-24l0o658.45 TRIp42672r2023-05-24w2023-05-24yBKzMBA307 00104070aTATCLbTATCLcGENd2023-05-24l0o658.45 TRIp42673r2023-05-24w2023-05-24yBKzMBA307 c49245d49245